书目信息 |
| 题名: |
我的漂亮朋友
|
|
| 作者: | 陈果 著 | |
| 分册: | ||
| 出版信息: | 杭州 浙江文艺出版社 2020.01 |
|
| 页数: | 290页 | |
| 开本: | 21cm | |
| 丛书名: | ||
| 单 册: | ||
| 中图分类: | I247.57 | |
| 科图分类: | ||
| 主题词: | 长篇小说--chang pian xiao shuo--中国--当代 | |
| 电子资源: | ||
| ISBN: | 978-7-5339-5894-7 | |
| 000 | 00976nam0 2200253 450 | |
| 001 | 011025152857 | |
| 005 | 20221025152857.0 | |
| 010 | @a978-7-5339-5894-7@dCNY39.80 | |
| 099 | @aCAL 012020041553 | |
| 100 | @a20201004d2020 em y0chiy0120 ea | |
| 101 | 0 | @achi |
| 102 | @aCN@b330000 | |
| 105 | @ay z 000ay | |
| 106 | @ar | |
| 200 | 1 | @a我的漂亮朋友@Awo de piao liang peng you@d= My beautiful friend@f陈果著@zeng |
| 210 | @a杭州@c浙江文艺出版社@d2020.01 | |
| 215 | @a290页@d21cm | |
| 300 | @a星文文化 | |
| 330 | @a本书讲述了:来自江西山村的19岁姑娘刘文静前往上海打工,偶然间结识花花、薇薇、果子、教授等一群同样在大城市奋斗的青年男女。为了摆脱原生家庭重男轻女给她带来的自卑与软弱,在朋友们的帮助下,通过自己的不懈努力,最终收获了爱情和事业,成为一个新时代的奋斗者。 | |
| 510 | 1 | @aMy beautiful friend@zeng |
| 606 | 0 | @a长篇小说@Achang pian xiao shuo@y中国@z当代 |
| 690 | @aI247.57@v5 | |
| 701 | 0 | @a陈果@Achen guo@4著 |
| 905 | @a河南城建学院图书馆@dI247.57@eC4261 | |
| 我的漂亮朋友= My beautiful friend/陈果著.-杭州:浙江文艺出版社,2020.01 |
| 290页;21cm |
| 星文文化 |
| ISBN 978-7-5339-5894-7:CNY39.80 |
| 本书讲述了:来自江西山村的19岁姑娘刘文静前往上海打工,偶然间结识花花、薇薇、果子、教授等一群同样在大城市奋斗的青年男女。为了摆脱原生家庭重男轻女给她带来的自卑与软弱,在朋友们的帮助下,通过自己的不懈努力,最终收获了爱情和事业,成为一个新时代的奋斗者。 |
| ● |
| 相关链接 |
|
|
|
正题名:我的漂亮朋友
索取号:I247.57/C4261
 
预约/预借
| 序号 | 登录号 | 条形码 | 馆藏地/架位号 | 状态 | 备注 |
| 1 | 1586250 | 215862500 | 文学库108/108文学库 47排2列1层/ [索取号:I247.57/C4261] | 在馆 | |
| 2 | 1586251 | 215862519 | 文学库108/108文学库 47排2列1层/ [索取号:I247.57/C4261] | 在馆 |